000 00624nam a2200277Ia 4500
005 20260324124811.0
008 008 260324s9999 xx 000 0 eng d
020 _a9781315134093
037 _aEBOOK
040 _aCRL
040 _beng
040 _cCRL
041 _2eng
041 _aeng
084 _qCRL
100 _aFelix Morley
_91175535
245 4 _aThe Power in the People
260 _bTaylor and Francis
260 _c2010
365 _a
365 _b230
856 _uhttp://www.taylorfrancis.com/books/9781315134093
942 _cEBOOK
999 _c1770260
_d1770260